Producción de semillas de plantas forrajeras /
Guardado en:
| Autor Principal: | |
|---|---|
| Formato: | Libro |
| Publicado: |
Montevideo :
Hemisferio Sur,
1981
|
| Materias: | |
| Etiquetas: |
Agregar Etiqueta
Sin Etiquetas, Sea el primero en etiquetar este registro!
|
| LEADER | 00952nam a22003615a 4500 | ||
|---|---|---|---|
| 001 | CEM.cems016728 | ||
| 008 | 130507s1981##################000#0#####d | ||
| 005 | 20230627111631.0 | ||
| 245 | 1 | 0 | |a Producción de semillas de plantas forrajeras / |c Milton Carámbula, |
| 260 | |a Montevideo : |b Hemisferio Sur, |c 1981 | ||
| 300 | |a 518 p. | ||
| 020 | |a . | ||
| 100 | 1 | |a Carámbula, Milton | |
| 082 | 0 | 4 | |a 633.2 |
| 653 | |a Forraje | ||
| 653 | |a Leguminosas forrajeras | ||
| 653 | |a Gramíneas | ||
| 653 | |a Semilleros-malezas | ||
| 653 | |a Festuca | ||
| 653 | |a Falaris | ||
| 653 | |a Dactilis | ||
| 653 | |a Pasto llorón | ||
| 653 | |a Paspalum | ||
| 653 | |a Raigrás | ||
| 653 | |a Avena | ||
| 653 | |a Sudangrás | ||
| 653 | |a Alfalfa | ||
| 653 | |a Lotus | ||
| 653 | |a Trébol blanco | ||
| 653 | |a Trébol rojo | ||
| 653 | |a Trébol carretilla | ||
| 653 | |a Trébol subterráneo | ||
| 859 | |a CEMS |b BIB. CEMS - Agricultura |h 633.2 |i C176-4 |p A18191.95 |t Ej.1 | ||
